Basel II vs. Solvency II
Riadenie finančných rizík patrí k najdôležitejším činnostiam finančných subjektov. Hlavné postupy merania a riadenia významných rizík sú zakotvené v právnych predpisoch. Analýza problematiky BASEL II a SOLVENCY II. SOLVENCY II predstavuje radikálne zmeny pre oblasť regulácie poisťovníctva v EÚ.
Salvato in:
| Autore principale: | |
|---|---|
| Natura: | Capitolo di libro |
| Lingua: | ceco |
| Soggetti: | |
| Tags: |
Nessun Tag, puoi essere il primo ad aggiungerne!!
|
MARC
| LEADER | 00000nla$a2200000$$$4500 | ||
|---|---|---|---|
| 001 | 0077949 | ||
| 005 | 20221128083915.4 | ||
| 041 | 0 | |a cze | |
| 044 | |a SK | ||
| 245 | 1 | 0 | |a Basel II vs. Solvency II |c Ivana Valová |
| 520 | |a Riadenie finančných rizík patrí k najdôležitejším činnostiam finančných subjektov. Hlavné postupy merania a riadenia významných rizík sú zakotvené v právnych predpisoch. Analýza problematiky BASEL II a SOLVENCY II. SOLVENCY II predstavuje radikálne zmeny pre oblasť regulácie poisťovníctva v EÚ. | ||
| 610 | 2 | 0 | |a riadenie rizík |
| 610 | 2 | 0 | |a riziko finančné |
| 610 | 2 | 0 | |a poisťovníctvo |
| 610 | 2 | 0 | |a Európska únia |
| 610 | 2 | 0 | |a legislatíva |
| 100 | 1 | |a Valová, Ivana | |